| 000 | 00776nam a2200229I 4500 | ||
|---|---|---|---|
| 999 |
_c110 _d110 |
||
| 001 | 863668 | ||
| 003 | OSt | ||
| 005 | 20180807181843.0 | ||
| 008 | 740422|1972||||||| |||| ||eng c | ||
| 040 |
_aMalone College Lib _cMalone College Lib |
||
| 082 | _a248.4 | ||
| 090 |
_aBV4501.2 _bL32 |
||
| 092 |
_a248.4 _bL32d |
||
| 100 | 1 | _aLarson, Bruce. | |
| 245 | 1 | 0 |
_aDare to live now! _cWith discussion guide. |
| 260 |
_aGrand Rapids, _bZondervan Pub. House _c[c1965, 1972] |
||
| 300 |
_a91 p. _c18 cm. |
||
| 505 | _aDare to live now, What is your name, Are you fun to live with, Learn to love, Person to person, You and your job,Discovering a christian marriage. | ||
| 650 | 0 |
_aChristian life _xPresbyterian authors. |
|
| 690 | _aGod is trying to speak to us | ||
| 942 |
_2ddc _cBK |
||